LDR 01574namaa2200349 i 4500 001 000000178709 003 CaOOAMICUS 005 20260515135309.0 007 tu 008 260515s2022 it 000 u ita r 020 $a978-88-10-41253-4* 040 $aPUL$bita$erda 082 00$a262.52 100 1 $aAutiero, Antonio,$d1948-,$eautore.$0(OLS)http://pul/name/30305 245 13$aIl Vaticano II e i suoi documenti /$ctesti di Antonio Autiero, Riccardo Battocchio, Giorgio Bonaccorso [e altri 23]. 264 1$aBologna :$bEDB,$c[2022] 300 $a428 pagine ;$c21 cm 336 $atesto$btxt$2rdacontent 337 $asenza mediazione$bn$2rdamedia 338 $avolume$bnc$2rdacarrier 490 1 $aCommentario ai documenti del Vaticano II ;$v3 504 $aBibliografia in nota a piè pagina. 611 24$aConcilium Vaticanum$n(2 :$d1962-1965)$tOrientalium Ecclesiarum.$0(OLS)http://pul/subject/43428 611 24$aConcilium Vaticanum$n(2 :$d1962-1965)$tUnitatis redintegratio.$0(OLS)http://pul/subject/39314 700 1 $aMaffeis, Angelo,$d1960-,$eautore.$0(OLS)http://pul/name/26382 700 1 $aParenti, Stefano,$d1959-,$eautore.$0(OLS)http://pul/name/23285 830 0$aCommentario ai documenti del Vaticano II ;$v3.$0(OLS)http://pul/title/178136 996 $6020$a978-88-10-41253-4*$9(OLS)http://pul/number/170961 996 $6082$a262.52$9(OLS)http://pul/classification/356 996 $6245$aIl Vaticano II e i suoi documenti$9(OLS)http://pul/title/220287 996 $6264$aBologna :$bEDB$9(OLS)http://pul/publisher/56073